Coneixeu el servei de préstec?
Descripción Física:
1 díptic ; 21 x 20 cm
Otros Autores:
Gallardo, Miguel
MARC
| LEADER | 00000nam a2200000Ia 4500 | ||
|---|---|---|---|
| 001 | 24231 | ||
| 008 | 160829s9999 xx 000 0 cat d | ||
| 080 | |a FU-64-101 | ||
| 245 | |a Coneixeu el servei de préstec? | ||
| 260 | |a Barcelona : |b Diputació de Barcelona. Àrea de Cultura. Servei de Biblioteques, DL 2002 | ||
| 300 | |a 1 díptic ; |c 21 x 20 cm | ||
| 650 | 0 | |a Biblioteques públiques |x Barcelona (Catalunya : Província) |9 49209 | |
| 700 | 1 | |a Gallardo, Miguel |9 68274 | |
| 710 | |a Barcelona (Catalunya : Província). |b Servei de Biblioteques |9 4217 | ||
| 901 | |a Arxiu | ||
| 942 | |n 1 | ||
| 952 | |0 0 |1 0 |4 0 |6 FU64101 |7 1 |9 55441 |a Arxiu |b Arxiu |d 2016-12-01 |l 0 |o FU-64-101 |p 24231 |r 2016-12-01 00:00:00 |w 2016-12-01 |y ARXIU | ||
| 999 | |c 59314 |d 59314 | ||